000 00641nam a2200217 i 4500
001 33435
003 ES-MaACL
005 20250828023335.0
007 t|
008 030202s1972 sp |||| | spa d
080 _a37.04-053.2
100 1 _aBettelheim, Bruno.
_928677
245 1 0 _aDiálogos con las madres de niños normales /
_cBruno Bettelheim ; [traducción de Antonia Kerrigan].
250 _a1ª ed.
260 _aBarcelona :
_bBarral,
_c1972.
300 _a210 p. ;
_c20 cm.
650 0 7 _aEducación de niños
_2embne
_912099
700 1 _aKerrigan, Antonia.
_967935
852 _aES-MaACL
_jC-46476
999 _c33435
_d33435